000
00256nam a2200097Ia 4500
008
220204s9999 xx 000 0 und d
082
_a
613(031)
_b
INT
245
0
_a
International family health encyclopedia. 21 V
260
_a
London
_b
Orbis
_c
1971
942
_c
BK
999
_c
25307
_d
25307